Devinez le Pays Mystère #27 - Statistiques

Statistiques générales
  • Ce quiz a été pris 745 fois
  • Le résultat moyen est 11 sur 17
Statistiques - réponses
Type de Réponse Réponse % Correct
Lettre Trouvée E
96%
Lettre Trouvée A
95%
Lettre Trouvée N
86%
Lettre Trouvée O
86%
Lettre Trouvée R
86%
Lettre Trouvée U
86%
Lettre Trouvée M
79%
Lettre Bien Placée A
62%
Lettre Bien Placée U
52%
Lettre Trouvée C
46%
Lettre Bien Placée E
44%
Lettre Bien Placée N
43%
Lettre Bien Placée C
42%
Lettre Bien Placée M
41%
Pays Mystère Cameroun
38%
Lettre Bien Placée O
38%
Lettre Bien Placée R
38%
Aucun quiz correspondant
Distribution des résultats
% des personnes avec chaque résultat
Percentile par nombre de réponses
Votre historique - résultats
Vous n’avez pas pris ce quiz